000 00881nam a2200253 a 4500
001 5794
003 BD-RjUL
005 20211208234129.0
008 140107t19671956e ||||| |||| 001 0 eng d
035 _a(BD-RjUL)5833
040 _aBD-RjUL
_beng
_cBD-RjUL
_dBD-RjUL
041 _aeng
082 0 4 _a361.941
_bDOS 1967
_223
100 1 _aDonnison, D. V.
_918198
245 1 _aSocial policy and administration :
_bstudies in the development of social services at the local level /
_cD. V. Donnison and Valerie Chapman.
260 _aLondon :
_bAllen and Unwin,
_c1956, [2nd. Impression 1967]
300 _a270 p. ;
_c22 cm.
490 _aNational Institute social work Traning Series, no. 3
504 _aIncludes index.
650 0 _aPublic welfare
_zGreat Britain.
_916747
650 0 _aGreat Britain
_xSocial policy.
_918199
700 1 _aChapman, Valerie
_918200
942 _2ddc
_cBK
999 _c5794
_d5794